THE CRISIS IN THE SOCIAL SCIENCES : THE NIGERIAN SITUATION /

Saved in:
Bibliographic Details
Main Author: Nzimiro, Ikenna (autor)
Format: Book
Subjects:
Tags: Add Tag
No Tags, Be the first to tag this record!

MARC

LEADER 00000nam^a2200000^a^4500
001 000236518
005 20250521000000.0
009 20260310104854.888
035 |a 058649 
037 |a Acervo Xavier Clavigero 
082 |a 300. NZI 
100 |a Nzimiro, Ikenna  |e (autor) 
245 1 4 |a THE CRISIS IN THE SOCIAL SCIENCES :  |b THE NIGERIAN SITUATION /  |c IKENNA NZIMIRO 
264 |a MEXICO :  |b THIRD WORLD FORUM,  |c 1977 
300 |a 53 p. 
336 |a texto  |b txt  |2 rdacontenido 
337 |a sin mediación  |b n  |2 rdamedio 
338 |a volumen  |b nc  |2 rdasoporte 
649 |a XX 
650 |a Ciencias Sociales 
650 |a NIGERIA -  |x CONDICIONES SOCIALES 
910 |a Fondo General 
920 |a Impresos - Libros 
930 |a Colección General 
905 |a 101 
901 |a 058649  |b IT1  |c ACC  |i 058649  |u 20250521 
902 |a https://opac.biblio.iteso.mx/vufind/Record/000236518